000 00507 a2200157 4500
020 _aS/N
040 _aISPLB
082 _a658.3
100 _91023
_aLara Joana Lopes de Figueiredo
245 _aA Gestô De Conflitos Numa Organizaȯ̂ E Consequente Satisfaȯ̂ Dos Colaboradores
260 _aViseu
_bUniversidade Catl̤ica Portuguesa
_c2012
300 _a206
650 _aRecursos Humanos
670 _uhttps://drive.google.com/file/d/1_uNpF-b3mal4DgWGMRfSpYZkhx1Mo9Wa/view?usp=sharing
942 _cTFC
999 _c2197
_d2197